Los etruscos : el misterio revelado /

Recorrido visual por la exposición que sobre arte etrusco albergó el Museo Nacional de Antropología e Historia. A través de figuras de cerámica, pintura, escultura y objetos de la vida cotidiana, se da testimonio de una cultura que nos resulta enigmática y misteriosa, y sin embargo, muestra una gran...

詳細記述

保存先:
書誌詳細
第一著者: Echevarría, Nicolás (autor)
その他の著者: Ramírez, Elisa (guión) (guión), Echevarría, Nicolás (guión) (guión), Lavista, Mario (música) (música)
フォーマット: スライド
言語:スペイン語
出版事項: México : CONACULTA : INAH, 2000, c2000
シリーズ:(Videoteca Universal CONACULTA)
(Antropología e Historia. Exposiciones)
主題:
タグ: タグ追加
タグなし, このレコードへの初めてのタグを付けませんか!

MARC

LEADER 00000ngm^a2200000^a^4500
001 000125109
005 20250521000000.0
009 20260310094639.387
037 |a Acervo ITESO - Biblioteca 
041 |a ESP 
082 |a 945. 0121  |b ECH 
100 |a Echevarría, Nicolás  |e (autor) 
245 1 4 |a Los etruscos :  |b el misterio revelado /  |c N. Echevarría. 
264 4 |a México :  |b CONACULTA :  |b INAH,  |c 2000, c2000 
300 |a 1 videocasete VHS  |c (32 min.) 
336 |a imagen móvil bidimensional  |b tdi  |2 rdacontenido 
337 |a video  |b v  |2 rdamedio 
338 |a videocasete  |b vf  |2 rdasoporte 
440 1 |a (Videoteca Universal CONACULTA) 
440 1 |a (Antropología e Historia.  |p Exposiciones) 
520 |a Recorrido visual por la exposición que sobre arte etrusco albergó el Museo Nacional de Antropología e Historia. A través de figuras de cerámica, pintura, escultura y objetos de la vida cotidiana, se da testimonio de una cultura que nos resulta enigmática y misteriosa, y sin embargo, muestra una gran sensibilidad artística. 
649 |a XX 
650 |a Cerámica Etrusca 
650 |a Escultura Etrusca 
650 |a Pintura Etrusca 
650 |a Arte Etrusco -  |x Exposiciones 
650 |a Arte -  |x Exposiciones 
650 |a Roma -  |x Historia -  |y Reyes y Dominación Etrusca, 753-509 a.C 
700 |a Ramírez, Elisa  |e (guión) 
700 |a Echevarría, Nicolás  |e (guión) 
700 |a Lavista, Mario  |e (música) 
910 |a Fondo General 
920 |a Audiovisuales - Videocasetes 
905 |a 301 
901 |a 0500054103  |b IT2  |c VIS  |u 20250521 
902 |a https://opac.biblio.iteso.mx/vufind/Record/000125109